书目信息 |
| 题名: |
朗格唯物论史
|
|
| 作者: | 朗格 著 ;郭大力 译 | |
| 分册: | 上 | |
| 出版信息: | 郑州 河南人民出版社 2016.04 |
|
| 页数: | 592页 | |
| 开本: | 25cm | |
| 丛书名: | 民国专题史丛书 | |
| 单 册: | ||
| 中图分类: | B084 | |
| 科图分类: | ||
| 主题词: | 新康德主义 | |
| 电子资源: | ||
| ISBN: | 978-7-215-10043-5 | |
| 000 | 01029oam2 2200289 450 | |
| 001 | 0120162048841 | |
| 005 | 20181030165933.70 | |
| 010 | @a978-7-215-10043-5@b精装@dCNY225.00,CNY450.00 (全2册) | |
| 100 | @a20161108e2016 em y0chiy50 ea | |
| 101 | 1 | @achi@cger |
| 102 | @aCN@b410000 | |
| 105 | @ac z 000yy | |
| 106 | @ar | |
| 200 | 1 | @a朗格唯物论史@9lang ge wei wu lun shi@h上@f朗格著@g郭大力译 |
| 205 | @a[影印本] | |
| 210 | @a郑州@c河南人民出版社@d2016.04 | |
| 215 | @a592页@c画像@d25cm | |
| 225 | 2 | @a民国专题史丛书 |
| 330 | @a本书是研究唯物主义历史的一部巨著,它试图对唯物主义和唯心主义这两种形态的哲学做出一种公允的评判。全书主要从近世哲学、自然科学、人与心、伦理的唯物论与宗教等方面进行讨论。 | |
| 333 | @a新康德主义研究人员 | |
| 461 | 0 | @12001 @a民国专题史丛书 |
| 606 | 0 | @a新康德主义 |
| 690 | @aB084@v5 | |
| 701 | 0 | @a朗格@9lang ge@c(Lange, Friedrich Albert@f1828-1875)@4著 |
| 702 | 0 | @a郭大力@9guo da li@f(1905-1976)@4译 |
| 801 | 0 | @aCN@b人天书店@c20161108 |
| 905 | @b1097480-81@dB084@e107:1@f2 | |
| 朗格唯物论史.上/朗格著/郭大力译.-[影印本].-郑州:河南人民出版社,2016.04 |
| 592页:画像;25cm.-(民国专题史丛书) |
| 使用对象:新康德主义研究人员 |
| ISBN 978-7-215-10043-5(精装):CNY225.00,CNY450.00 (全2册) |
| 本书是研究唯物主义历史的一部巨著,它试图对唯物主义和唯心主义这两种形态的哲学做出一种公允的评判。全书主要从近世哲学、自然科学、人与心、伦理的唯物论与宗教等方面进行讨论。 |
| ● |
| 相关链接 |
|
|
|
|
正题名:朗格唯物论史
索取号:B084/107:1
 
预约/预借
| 序号 | 登录号 | 条形码 | 馆藏地/架位号 | 状态 | 备注 |
| 1 | 1097480 | 210974800 | 第一样本阅览室/ [索取号:B084/107:1] | 在馆 | |
| 2 | 1097481 | 210974819 | 第一借阅区/ [索取号:B084/107:1] | 在馆 |